[Event "6th Open"]
[Site "Voronezh RUS"]
[Date "2002.06.12"]
[Round "1"]
[White "Turkin,V"]
[Black "Chuprov,D"]
[Result "0-1"]
[WhiteElo "2267"]
[BlackElo "2475"]

1.e4 d6 2.d4 Nf6 3.Nc3 c6 4.g3 e5 5.Nge2 b5 6.a3 Be7 7.Bg2 O-O 8.O-O Nbd7
9.h3 a6 10.f4 Bb7 11.Kh2 c5 12.dxe5 dxe5 13.Nd5 Bxd5 14.exd5 Bd6 15.b3 Qc7
16.fxe5 Nxe5 17.Rxf6 gxf6 18.Bh6 Rfe8 19.Qf1 Ng6 20.Rd1 Qe7 21.Nc3 f5 22.Qxf5 Qh4
23.Qg5 Qxg5 24.Bxg5 f5 25.Bf3 Ra7 26.Kg2 Rg7 27.Kf2 h6 28.Bc1 b4 29.Ne2 bxa3
30.Bxa3 Rge7 31.Nd4 cxd4 32.Bxd6 Rd7 33.Ba3 Rc8 34.Rd2 Ne5 35.Bg2 Rdc7 36.d6 Rxc2
37.Bd5+ Kg7 38.Ke1 Kf6 39.Rxd4 Rh2 40.Ra4 Rcc2 41.Kd1 Nd3  0-1

[Event "Open"]
[Site "Lido Estensi ITA"]
[Date "2002.06.14"]
[Round "7"]
[White "Costantini,L"]
[Black "Brancaleoni,M"]
[Result "0-1"]
[WhiteElo "2058"]
[BlackElo "2246"]

1.e4 d6 2.d4 Nf6 3.Nc3 e5 4.dxe5 dxe5 5.Qxd8+ Kxd8 6.Bc4 Ke8 7.Nf3 Bd6 8.Bd2 a6
9.a4 Nc6 10.Ng5 Rf8 11.Nd5 Nd4 12.Rc1 Nxd5 13.Bxd5 c6 14.c3 cxd5 15.cxd4 f6
16.Nf3 dxe4 17.dxe5 fxe5 18.Ng5 Bf5 19.O-O h6 20.Nh3 Ke7 21.Kh1 Rac8 22.Ng1 Rxc1
23.Rxc1 Rc8 24.Rxc8 Bxc8 25.Ne2 Bd7 26.a5 Ke6 27.Ng3 Kd5 28.Kg1 Bb5 29.Nf5 Bf8
30.Bc3 Ke6 31.Ne3 Bc5 32.b4 Bd4 33.Bd2 Be2 34.h4 h5 35.Kh2 g6 36.Kh3 Kd6
37.Be1 Kc6 38.g4 Bxg4+ 39.Nxg4 hxg4+ 40.Kxg4 e3 41.fxe3 Bxe3 42.Kf3 Bd4 43.Ke4 Kd6
44.Bd2 Bf2 45.Bc3 Bg3 46.Bb2 Ke6 47.Bc3 Bxh4 48.Bxe5 Be1  0-1

[Event "6th Open"]
[Site "Voronezh RUS"]
[Date "2002.06.19"]
[Round "7"]
[White "Sergienko,S"]
[Black "Chuprov,D"]
[Result "1-0"]
[WhiteElo "2418"]
[BlackElo "2475"]

1.d4 d6 2.e4 Nf6 3.Nc3 e5 4.Nf3 exd4 5.Nxd4 Be7 6.Be2 O-O 7.O-O Re8 8.Re1 Bf8
9.Bf1 Nbd7 10.Bg5 h6 11.Bh4 c6 12.Qd2 Ne5 13.f3 Ng6 14.Bf2 Bd7 15.a4 Qc7
16.Nb3 Be6 17.Nd4 Bd7 18.Nb3 Nh5 19.Rad1 b6 20.Ne2 Rad8 21.Ng3 Nf6 22.Bd4 Nh7
23.Bc3 Be6 24.Nd4 d5 25.Nxe6 Rxe6 26.exd5 Rxd5 27.Qc1 Nf4 28.Rxe6 Nxe6 29.Bc4 Rxd1+
30.Qxd1 Be7 31.Qe1 Nhf8 32.Kh1 Bc5 33.Qe4 Qd7 34.Bd3 Bd4 35.Bxd4 Qxd4 36.Qxd4 Nxd4
37.c3 Nde6 38.Nf5 Ng6 39.Be4 c5 40.Nd6 Ne5 41.Nc8 Nc4 42.b3 Nb2 43.Bc2 c4
44.b4 Nc7 45.Nxa7 Nd5 46.Nc8 Nd3 47.a5 bxa5 48.bxa5 Nxc3 49.a6 Nb5 50.Nd6  1-0

[Event "3rd IECC"]
[Site "Batumi GEO"]
[Date "2002.06.21"]
[Round "9"]
[White "Yagupov,I"]
[Black "Markowski,T"]
[Result "1/2-1/2"]
[WhiteElo "2474"]
[BlackElo "2538"]

1.e4 d6 2.d4 Nf6 3.Nc3 e5 4.Nf3 Nbd7 5.Bc4 Be7 6.O-O O-O 7.Re1 a6 8.a4 b6
9.Be3 c6 10.Ba2 Rb8 11.Nd2 b5 12.axb5 axb5 13.h3 Re8 14.f4 Bf8 15.Qf3 Bb7
16.dxe5 dxe5 17.f5 Bc5 18.g4 h6 19.Qg3 Qe7 20.Kh1 Ra8 21.Bb3 Bxe3 22.Qxe3 Nc5
23.Rxa8 Rxa8 24.Rg1 Nh7 25.f6 Nxf6 26.g5 Nh5 27.gxh6 Nxb3 28.hxg7 Nf4 29.Nxb3 Bc8
30.Qc5 Qxc5 31.Nxc5 Nxh3 32.Rg3 Ra1+ 33.Kh2 Rc1 34.Rg2 Nf4 35.Ne2 Nxg2 36.Nxc1 Nf4
37.N1d3 Nxd3 38.cxd3 Kxg7 39.b4 Kg6 40.Kg3 Kg5 41.Kf3 Kf6 42.Ke3 Ke7 43.d4  1/2-1/2

[Event "TSGM June"]
[Site "Belgrade YUG"]
[Date "2002.06.21"]
[Round "7"]
[White "Matulovic,M"]
[Black "Tadic,B"]
[Result "1-0"]
[WhiteElo "2428"]
[BlackElo "2442"]

1.e4 d6 2.d4 Nf6 3.Nc3 e5 4.Nf3 Nbd7 5.Bc4 Be7 6.O-O O-O 7.Re1 c6 8.a4 a5
9.b3 h6 10.Ba3 Re8 11.Qd2 Qc7 12.h3 Nf8 13.Rad1 Ng6 14.dxe5 dxe5 15.Bxe7 Qxe7
16.Qd6 Qxd6 17.Rxd6 Kf8 18.Rdd1 Nd7 19.g3 Nb6 20.Bf1 f6 21.Kg2 Ke7 22.Be2 Be6
23.h4 Rad8 24.h5 Nf8 25.Nh4 Rxd1 26.Rxd1 Rd8 27.Rxd8 Kxd8 28.Nd1 Nfd7 29.Ne3 Nc5
30.Nhf5 Nxb3 31.cxb3 Bxb3 32.Nxg7 Nxa4 33.Bc4 Nc5 34.Bxb3 Nxb3 35.Ngf5 Nd4
36.Nxh6 b5 37.Nhf5 Ne6 38.h6 Nf8 39.Kf3 a4 40.Nc2 c5 41.Nd6 b4 42.Nb7+ Ke7
43.Nxc5 b3 44.Na3 Kf7 45.Nxa4 Ne6 46.Kg4 Nd4 47.Kh5 Nf3 48.Nc4 Ng5 49.Nxe5+  1-0

[Event "ISYG-M14"]
[Site "Moscow RUS"]
[Date "2002.06.23"]
[Round "6"]
[White "Pokazanjev,N"]
[Black "Jamaletdinov,R"]
[Result "0-1"]
[WhiteElo "2232"]
[BlackElo "2117"]

1.e4 d6 2.d4 Nf6 3.Nc3 e5 4.dxe5 dxe5 5.Qxd8+ Kxd8 6.Bc4 Be6 7.Bxe6 fxe6
8.Bg5 Bd6 9.O-O-O Ke7 10.f3 a6 11.Nge2 Nd7 12.h4 Raf8 13.h5 h6 14.Bd2 Nh7
15.Rdf1 Rf6 16.Nd1 b5 17.Ne3 Ra8 18.Nc3 Rff8 19.Ncd1 Rfb8 20.Nf2 Ng5 21.Neg4 Nf7
22.g3 c5 23.f4 c4 24.f5 b4 25.fxe6 Kxe6 26.Ne3 Nb6 27.c3 a5 28.Nf5 Bf8 29.Nd1 Na4
30.Rh2 Nd6 31.Nxd6 Bxd6 32.Rh4 bxc3 33.Bxc3 Nxc3 34.Nxc3 Be7 35.Rh2 Bg5+
36.Kc2 Rb7 37.Nd5 Rab8 38.Kc3 a4 39.Rf3 Bc1 40.Rff2 a3 41.bxa3 Ra7 42.Rc2 Rxa3+
43.Kxc4 Bg5 44.Nc7+ Kd7  0-1

[Event "ISYG-W16"]
[Site "Moscow RUS"]
[Date "2002.06.24"]
[Round "7"]
[White "Tomilova,E"]
[Black "Fominykh,M"]
[Result "1-0"]
[WhiteElo "2311"]
[BlackElo "2163"]

1.e4 d6 2.d4 Nf6 3.Nc3 e5 4.Nf3 Nbd7 5.Bc4 Be7 6.O-O O-O 7.dxe5 Nxe5 8.Nxe5 dxe5
9.Qe2 c6 10.a4 a5 11.h3 Qb6 12.Bb3 Nd7 13.Qh5 Qc7 14.f4 Bd6 15.f5 Nf6 16.Qf3 Bc5+
17.Kh1 h6 18.g4 Nh7 19.Qg3 Be7 20.Be3 Bg5 21.Ne2 Bxe3 22.Qxe3 Qe7 23.Qg3 b6
24.Ng1 Bb7 25.Rae1 Nf6 26.c3 Ba6 27.Rf3 Rad8 28.h4 Nh7 29.Nh3 Rd2 30.g5 hxg5
31.hxg5 Kh8 32.f6 Qd6 33.Qh4 gxf6 34.Rxf6 Qd3 35.g6  1-0

[Event "IV Shakkinet B"]
[Site "Helsinki FIN"]
[Date "2002.06.27"]
[Round "4"]
[White "Eskola,R"]
[Black "Kilpela,P"]
[Result "0-1"]
[WhiteElo "2145"]
[BlackElo "2139"]

1.e4 d6 2.d4 Nf6 3.Nc3 e5 4.Nf3 Nbd7 5.Bc4 Be7 6.O-O O-O 7.Qe2 c6 8.a4 b6
9.dxe5 Nxe5 10.Nxe5 dxe5 11.Rd1 Qc7 12.Bg5 Bb7 13.Rd3 Rad8 14.Rg3 Kh8 15.Rf1 Ne8
16.Qh5 Bxg5 17.Rxg5 Bc8 18.Qh4 h6 19.Rxe5 Rd4 20.Qg3 Kh7 21.Bd3 g6 22.h4 Ng7
23.Re1 f6 24.Rg5 Qf7 25.Rg4 Bxg4 26.Qxg4 Qe6 27.Qg3 Qe5 28.Qe3 Ne6 29.g3 Rb4
30.Kg2 g5 31.Ne2 Rg8 32.hxg5 fxg5 33.b3 Nf4+ 34.Nxf4 gxf4 35.Qd2 Rd4 36.Qc1 Rdd8
37.Rh1 Rdf8 38.Rh4 Rg5 39.Kg1 Rf6 40.g4 f3 41.Qe3 Rf4 42.Kh1 Rgxg4 43.Rh3 Qa1+  0-1

[Event "II Open"]
[Site "St Chely d'Aubrac FRA"]
[Date "2002.06.28"]
[Round "2"]
[White "Szylar,E"]
[Black "Belkhodja,S"]
[Result "0-1"]
[WhiteElo "2104"]
[BlackElo "2506"]

1.e4 d6 2.d4 Nf6 3.Nc3 Nbd7 4.f4 e5 5.Nf3 exd4 6.Qxd4 c6 7.Bc4 d5 8.exd5 Bc5
9.Qd3 O-O 10.Bd2 Re8+ 11.Ne2 cxd5 12.Bb5 a6 13.Bxd7 Bxd7 14.Ne5 Bb5 15.Qf3 Ne4
16.Nd3 Bxd3 17.cxd3 Nxd2 18.Kxd2 Qa5+ 19.Kc2 Re3 20.Qf1 Rc8 21.Qd1 Qa4+ 22.Kd2 Qb4+  0-1

[Event "IV Shakkinet B"]
[Site "Helsinki FIN"]
[Date "2002.06.30"]
[Round "7"]
[White "Liitiainen,E"]
[Black "Eskola,R"]
[Result "1-0"]
[WhiteElo "2164"]
[BlackElo "2145"]

1.d4 d6 2.e4 Nf6 3.Nc3 e5 4.Nf3 Nbd7 5.Bc4 Be7 6.O-O c6 7.a4 h6 8.a5 Qc7
9.Re1 Nf8 10.dxe5 dxe5 11.Nh4 g6 12.h3 Ne6 13.Bxe6 Bxe6 14.Be3 Nd7 15.Nf3 Bb4
16.Qd2 g5 17.Ra4 Bxa5 18.Rea1 Bxc3 19.Qxc3 a6 20.Rd1 f6 21.Ra3 O-O 22.h4 g4
23.Nh2 Kh7 24.Bc1 Rh8 25.Qd2 Kg7 26.Nf1 Nc5 27.Qe3 Qe7 28.Ng3 Rag8 29.b4 Nd7
30.Rad3 Rh7 31.Nf5+ Bxf5 32.exf5 Nb8 33.Rd6 Rf8 34.Re6 Qf7 35.Bb2 Kg8 36.Rdd6 Nd7
37.g3 Ra8 38.Kg2 Qh5 39.Qb3 Qf7 40.Rxd7  1-0

[Event "30th World Open"]
[Site "Philadelphia USA"]
[Date "2002.06.30"]
[Round "2"]
[White "Culbeaux,T"]
[Black "Sarkar,J"]
[Result "1-0"]
[WhiteElo "2173"]
[BlackElo "2389"]

1.e4 d6 2.d4 Nf6 3.Nc3 e5 4.dxe5 dxe5 5.Qxd8+ Kxd8 6.Bg5 Be6 7.O-O-O+ Nd7
8.Nf3 Kc8 9.a3 c6 10.h3 Kc7 11.Be3 Bc5 12.Bxc5 Nxc5 13.Re1 Ncd7 14.Ng5 b5
15.Nxe6+ fxe6 16.Re3 a5 17.Be2 Nc5 18.Rg3 Rhg8 19.Rg5 b4 20.Nb1 Nfxe4 21.Rxe5 Kd6
22.f4 Rgf8 23.Rd1+ Ke7 24.Bf3 Rxf4 25.Re1 Raf8 26.axb4 axb4 27.b3 Rxf3 28.gxf3 Rxf3
29.Nd2 Nxd2 30.Rxc5 Nxb3+ 31.cxb3 Rxb3 32.Rxc6 Rxh3 33.Rcxe6+ Kf7 34.Rb6 h5
35.Rf1+ Kg8 36.Rg6 Ra3 37.Kb2 Kh7 38.Rfg1 Ra7 39.Kb3 Rb7 40.R1g5 Rf7 41.Kxb4 Rf4+
42.Kc3 Rf7 43.Rc6 Kg8 44.Rxh5 Rf3+ 45.Kd4 Rg3 46.Rc7 Rg1 47.Ke3 Rg3+ 48.Kf4 Rg1
49.Rg5 Rf1+ 50.Kg4 Rg1+ 51.Kh5 Rh1+ 52.Kg6 Rh6+ 53.Kf5 Rf6+ 54.Ke5 Kh8 55.Rh5+ Kg8
56.Rc8+ Kf7 57.Rf5 Ke7 58.Rxf6 gxf6+ 59.Kf5 Kd7 60.Rf8  1-0

[Event "30th World Open"]
[Site "Philadelphia USA"]
[Date "2002.06.30"]
[Round "2"]
[White "Rowson,J"]
[Black "Zlotnikov,M"]
[Result "1-0"]
[WhiteElo "2527"]
[BlackElo "2352"]

1.e4 d6 2.d4 Nf6 3.Nc3 c6 4.f4 Qb6 5.e5 Nd5 6.Nxd5 cxd5 7.Bd3 g6 8.Nf3 Bg4
9.h3 Bxf3 10.Qxf3 dxe5 11.fxe5 Bg7 12.Qxd5 O-O 13.c3 Nc6 14.Qb3 Qd8 15.Be4 e6
16.O-O Rc8 17.Qd1 b5 18.a3 a5 19.Qf3 Nxd4 20.cxd4 Qxd4+ 21.Rf2 Qxe5 22.Bf4 Qc5
23.Be3 Qe5 24.Rd1 f5 25.Bb1 Rfd8 26.Re1 Kh8 27.Rfe2 Qf6 28.Bf4 Qd4+ 29.Qf2 Rc6
30.Be5 Bxe5 31.Rxe5 b4 32.Rxa5 bxa3 33.Rxa3 Qxf2+ 34.Kxf2 Kg7 35.Ra7+ Kf6
36.Re2 h5 37.Ra5 Rb6 38.Ba2 Rdb8 39.Kg3 Rxb2 40.Rxe6+ Kg7 41.Bd5 R2b5 42.Ra7+ Kh6
43.Bf3 Rb4 44.h4 R4b6 45.Ree7 Rh8 46.Rf7 Rd6 47.Rac7 Ra6 48.Bd5 Rd6 49.Bc4 Rd4
50.Rfe7 Rd6 51.Be6 Rd3+ 52.Kf2 Rd6 53.Ke3 g5 54.Bxf5 gxh4 55.Kf4  1-0

[Event "ch-HUN Semi-Final"]
[Site "Balatonlelle HUN"]
[Date "2002.06.??"]
[Round "6"]
[White "Cao,S"]
[Black "Ruck,R"]
[Result "0-1"]
[WhiteElo "2502"]
[BlackElo "2569"]

1.e4 d6 2.d4 Nf6 3.Nc3 Nbd7 4.Nf3 e5 5.h3 c6 6.Be2 Be7 7.O-O b5 8.a3 O-O
9.Re1 a6 10.Bf1 Re8 11.Be3 Bb7 12.Qd2 Bf8 13.Rad1 Qc7 14.Qc1 exd4 15.Bxd4 c5
16.Bxf6 Nxf6 17.Nd5 Nxd5 18.exd5 Rxe1 19.Nxe1 c4 20.c3 Qc5 21.Qd2 Re8 22.Nc2 g6
23.g3 Bg7 24.Bg2 h5 25.Nb4 Bc8 26.Nc6 Bd7 27.Re1 Rxe1+ 28.Qxe1 Bf6 29.Qe4 Kg7
30.Qe2 Qb6 31.Kh2 Bg5 32.f4 Bf6 33.g4 hxg4 34.hxg4 g5 35.fxg5 Bxg5 36.Bf3 Qe3
37.Nd4 Qf4+ 38.Kg2 Bh4 39.Kf1 Bxg4 40.Kg2 Qg3+ 41.Kf1 Bh3+ 42.Bg2 Bf6 43.Nf3 Kg6
44.Bxh3 Qxh3+ 45.Kf2 Qf5 46.Ke1 Qxd5 47.Qg2+ Kh6 48.Qh2+ Kg7 49.Qg3+ Kf8
50.Qf4 Be5 51.Qh6+ Ke7 52.Qg5+ Kd7 53.Qf5+ Qe6 54.Qh5 Bxc3+ 55.Kf2 Bxb2 56.Qh7 Bf6  0-1

[Event "1st Open"]
[Site "La Fere FRA"]
[Date "2002.07.01"]
[Round "2"]
[White "Carton,C"]
[Black "Bratanov,Z"]
[Result "1/2-1/2"]
[WhiteElo "2207"]
[BlackElo "2432"]

1.e4 d6 2.d4 Nf6 3.Nc3 e5 4.Nf3 Nbd7 5.Bc4 Be7 6.O-O O-O 7.h3 c6 8.a4 a5
9.Qe2 exd4 10.Nxd4 Re8 11.Bg5 Bf8 12.Bd3 g6 13.Nb3 Bg7 14.f4 Qb6+ 15.Qf2 Qxf2+
16.Rxf2 h6 17.Bh4 Nh5 18.Raf1 Nf8 19.g4 Nxf4 20.Rxf4 g5 21.Bxg5 hxg5 22.Rxf7 Ng6
23.R7f3 Be6 24.Nd2 Nh4 25.Rf5 Bxf5 26.gxf5 Be5 27.Nc4 Kf7 28.Kf2 Kf6 29.Nxe5 Rxe5
30.Kg3 Rae8 31.Rf2 d5 32.exd5 cxd5 33.Kg4 d4 34.Ne2 Re3 35.Ng3 Ke5 36.f6 Rf8
37.f7 Kd5 38.b3 Re5 39.Ne4 Rxe4+ 40.Bxe4+ Kxe4 41.Re2+ Kd5 42.Kxg5 Rxf7 43.Kxh4 Rf8
44.Kg5 Rg8+ 45.Kf6 Rh8 46.Rh2 b5 47.axb5 d3 48.cxd3 Rh4 49.Kg5 Rb4 50.h4 Rxb5
51.h5 Kd4+ 52.Kf6 Rb6+ 53.Kf7 Rb7+ 54.Kf8 Rb8+ 55.Ke7 Rb7+ 56.Ke8 Rb8+ 57.Kd7 Rxb3
58.h6 Rb8 59.h7 Rh8 60.Ke7 Kxd3 61.Kf6 Kc3 62.Kg7 Rxh7+ 63.Kxh7 a4 64.Kg6 a3
65.Kf5 Kb3 66.Ke4 a2 67.Rh1 Kb2 68.Kd3 a1=Q 69.Rxa1 Kxa1  1/2-1/2

[Event "23rd Open"]
[Site "Bled SLO"]
[Date "2002.07.02"]
[Round "1"]
[White "Steiner,D"]
[Black "Solak,D"]
[Result "0-1"]
[WhiteElo "2250"]
[BlackElo "2522"]

1.d4 d6 2.e4 Nf6 3.Nc3 e5 4.Nf3 Nbd7 5.Bc4 Be7 6.O-O O-O 7.h3 c6 8.a4 a5
9.Qe2 h6 10.Rd1 Qc7 11.b3 Re8 12.Ba3 exd4 13.Nxd4 d5 14.Bxe7 Rxe7 15.Bd3 Nc5
16.f3 Qg3 17.Qf2 Qxf2+ 18.Kxf2 dxe4 19.fxe4 Nfxe4+ 20.Nxe4 Nxe4+ 21.Kg1 Nf6
22.Bc4 Bd7 23.c3 Re3 24.Rac1 Kf8 25.Kf2 Rxc3 26.Rxc3 Ne4+ 27.Kf3 Nxc3 28.Rd2 b5  0-1

[Event "II Open"]
[Site "St Chely d'Aubrac FRA"]
[Date "2002.07.02"]
[Round "6"]
[White "Santo Roman,M"]
[Black "Voiska,M"]
[Result "0-1"]
[WhiteElo "2417"]
[BlackElo "2300"]

1.e4 d6 2.d4 Nf6 3.Nc3 e5 4.dxe5 dxe5 5.Qxd8+ Kxd8 6.Bg5 Be6 7.O-O-O+ Kc8
8.Nf3 Nbd7 9.Bxf6 gxf6 10.a3 c6 11.Nh4 b5 12.Bd3 Kc7 13.Nf5 a5 14.Ne2 b4
15.axb4 axb4 16.b3 Bc5 17.f3 Ra2 18.Kd2 Rd8 19.Rb1 Bf8 20.Nc1 Ra5 21.Ke2 Nb6
22.Rd1 Bxf5 23.exf5 Nd5 24.Kf2 Nc3 25.Ne2 Bc5+ 26.Kf1 Nxb1 27.Rxb1 Rda8 28.g4 Ra1
29.Rxa1 Rxa1+ 30.Kg2 Be3 31.Ng3 Kd6 32.Ne4+ Ke7 33.h4 h6 34.Kh2 Rc1 35.Kg2 c5
36.Kh2 Rd1 37.Kg2 Ra1 38.Kh2 Ra2 39.Kh1 Rb2 40.h5 Ra2 41.Ng3 c4 42.bxc4 Ra3
43.Kg2 b3 44.cxb3 Rxb3 45.Bf1 Rb2+ 46.Kh1 Rf2 47.Bg2 Bd4 48.Ne4 Rb2 49.Bf1 Rb1
50.Kg2 Rd1 51.Be2 Rg1+ 52.Kh2 Re1 53.Ng3 Bf2 54.Bd3 Bxg3+ 55.Kxg3 Re3 56.Bb1 Kd6
57.Kf2 Rc3 58.Ke2 Kc5 59.Be4 Kxc4 60.Kf2 Kd4 61.Bb7 Rc2+ 62.Kg3 Rd2 63.Bc6 Ke3
64.Bb7 Rd1 65.Bc6 Rg1+ 66.Kh2 Kf2 67.Bd5 Rg3  0-1

[Event "23rd Open"]
[Site "Bled SLO"]
[Date "2002.07.03"]
[Round "2"]
[White "Ulibin,M"]
[Black "Tratar,M"]
[Result "1/2-1/2"]
[WhiteElo "2589"]
[BlackElo "2466"]

1.e4 d6 2.d4 Nf6 3.Nc3 e5 4.Nf3 Nbd7 5.Bc4 Be7 6.O-O O-O 7.a4 a5 8.Qe2 exd4
9.Nxd4 Nb6 10.Bb3 Nfd7 11.Nf5 Nc5 12.Nxe7+ Qxe7 13.Be3 Nxb3 14.cxb3 Nd7 15.Rfd1 Re8
16.Qc2 c6 17.Qd3 Qe6 18.Ra3 Nc5 19.Qxd6 Qxd6 20.Rxd6 Na6 21.Rd2 f6 22.f3 Be6
23.Bb6 Nb4 24.Ne2 Ra6 25.Be3 Raa8 26.Nd4 Bf7 27.Ra1 Red8 28.Rc1 Rd7 29.Kf1 Kf8
30.Ke2 b6 31.Nxc6 Rc7 32.Rd6 Rxc6 33.Rcxc6 Nxc6 34.Rxc6 Bxb3 35.Rxb6 Bxa4
36.Bc5+ Kg8 37.Ke3 Be8 38.h4 h5 39.Rb7 Bf7 40.g3 a4 41.f4 Rc8 42.Rb5 Be8
43.Ra5 Rb8 44.Bd4 Rb7 45.Bc3 Rc7 46.Ra8 Kf7 47.Ra6 Rb7 48.Ra5 Kf8 49.e5 fxe5
50.fxe5 Rb6 51.Ra7 Rg6 52.Bb4+ Kg8 53.Ra8 Kf7 54.Ra7+ Kg8 55.Kf3 Rg4 56.Bc3 Bc6+
57.Kf2 Bd5 58.Rd7 Bb3 59.Kf3 g5 60.hxg5 Rxg5 61.Rd4 Kf7 62.Rf4+ Ke8 63.Kg2 Kd7
64.Kh3 Be6+ 65.Kh4 Rg4+ 66.Kxh5 Rxf4 67.gxf4 Bf5 68.Kg5 Ke6 69.Bb4  1/2-1/2

[Event "II Open"]
[Site "St Chely d'Aubrac FRA"]
[Date "2002.07.03"]
[Round "7"]
[White "Fillon,D"]
[Black "Mrdja,M"]
[Result "1/2-1/2"]
[WhiteElo "2138"]
[BlackElo "2411"]

1.e4 d6 2.d4 Nf6 3.Nc3 e5 4.f4 exd4 5.Qxd4 Be7 6.Nf3 O-O 7.Be3 Nc6 8.Qd2 a6
9.O-O-O b5 10.Bd3 Nb4 11.Be2 Bb7 12.a3 Nc6 13.h3 b4 14.axb4 Nxb4 15.e5 dxe5
16.fxe5 Nfd5 17.Nxd5 Nxd5 18.Bc4 c6 19.Bg5 a5 20.Bxe7 Qxe7 21.Nd4 Rfd8 22.Rhe1 g6
23.e6 f6 24.h4 a4 25.Kb1 a3 26.b3 c5 27.Nb5 a2+ 28.Ka1 Kg7 29.h5 gxh5 30.Bxd5 Rxd5
31.Qe3 Rad8 32.Rxd5 Rxd5 33.Nc3 Rg5 34.Kxa2 Bc8 35.Kb2 Re5 36.Qg3+ Rg5 37.Qe3 h6
38.Ne4 Re5 39.Qg3+ Kh7 40.Qd3 Kh8 41.Rf1 Bxe6 42.Nxf6 Bg8 43.Qg6 Qg7 44.Qxg7+ Kxg7
45.Nxg8 Kxg8 46.Kc3 Kg7 47.Kd3 Kg6 48.c3 Kg5 49.b4 cxb4 50.cxb4 Kg4 51.Rb1 Kg3
52.Rb2 Rb5 53.Kc4 Rb8 54.b5 h4 55.Kc5 h3 56.gxh3 Kxh3 57.b6 h5 58.b7 h4 59.Kc6 Kg3
60.Kc7 Rxb7+ 61.Kxb7 h3  1/2-1/2

[Event "1st Open"]
[Site "La Fere FRA"]
[Date "2002.07.04"]
[Round "8"]
[White "Moldovan,D"]
[Black "Bratanov,Z"]
[Result "1/2-1/2"]
[WhiteElo "2462"]
[BlackElo "2432"]

1.e4 d6 2.d4 Nf6 3.Nc3 e5 4.Nf3 Nbd7 5.Bc4 Be7 6.O-O O-O 7.a4 a5 8.Qe2 c6
9.Rd1 Qc7 10.Ba2 exd4 11.Nxd4 Nc5 12.Bf4 Re8 13.Qc4 Be6 14.Qxc5 dxc5 15.Bxc7 cxd4
16.Rxd4 Bc5 17.Rd2 Bxa2  1/2-1/2

[Event "5th Open"]
[Site "Vins du Medoc FRA"]
[Date "2002.07.04"]
[Round "6"]
[White "Wohl,A"]
[Black "Seret,JL"]
[Result "1-0"]
[WhiteElo "2388"]
[BlackElo "2322"]

1.e4 d6 2.d4 Nf6 3.Nc3 Nbd7 4.f4 e5 5.Nf3 exd4 6.Qxd4 c6 7.Bd2 Qb6 8.O-O-O Qxd4
9.Nxd4 g6 10.Be2 Bg7 11.Bf3 O-O 12.Be1 Bh6 13.Nde2 Ne5 14.Rxd6 Nxf3 15.gxf3 Nh5
16.Bd2 Bh3 17.Rg1 Rfd8 18.Rd3 f5 19.e5 Rxd3 20.cxd3 Rd8 21.Kc2 Bf8 22.Be3 b6
23.Nd1  1-0

[Event "23rd Open"]
[Site "Bled SLO"]
[Date "2002.07.05"]
[Round "4"]
[White "Krivec,J"]
[Black "Tratar,M"]
[Result "0-1"]
[WhiteElo "2253"]
[BlackElo "2466"]

1.e4 d6 2.d4 Nf6 3.Nc3 e5 4.Nf3 Nbd7 5.Bc4 Be7 6.dxe5 dxe5 7.O-O O-O 8.Qe2 c6
9.a4 b6 10.Ng5 Bb7 11.f4 a6 12.Kh1 Bd6 13.f5 b5 14.Ba2 Qe7 15.Nd1 h6 16.Nf3 c5
17.Nf2 c4 18.Nd2 Nc5 19.Qf3 Bc6 20.axb5 axb5 21.b4 Ncd7 22.c3 Ra6 23.Nb1 Rfa8
24.Qe2 Bc7 25.Na3 Rxa3 26.Bxa3 Rxa3 27.Qb2 Ra8 28.Bb1 Bb6 29.Rxa8+ Bxa8 30.Re1 Bb7
31.Nh3 Ne8 32.g4 Qh4  0-1

[Event "Open"]
[Site "Oberwart AUT"]
[Date "2002.07.05"]
[Round "1"]
[White "Balinov,I"]
[Black "Hofer,F"]
[Result "1-0"]
[WhiteElo "2448"]
[BlackElo "2017"]

1.e4 d6 2.d4 Nf6 3.Nc3 c6 4.f4 g6 5.Nf3 Bg7 6.Bd3 Bg4 7.h3 Bxf3 8.Qxf3 Qb6
9.e5 dxe5 10.dxe5 Nfd7 11.Bc4 e6 12.Ne4 O-O 13.Bb3 Na6 14.Be3 Qc7 15.O-O-O b6
16.Rd6 Rac8 17.h4 Rfe8 18.h5 Nf8 19.hxg6 fxg6 20.Qh3 Qf7 21.Ng5 Qf5 22.g4  1-0

[Event "Open Championships"]
[Site "Paris FRA"]
[Date "2002.07.06"]
[Round "1"]
[White "Borzakian,M"]
[Black "David,Alb"]
[Result "0-1"]
[WhiteElo "2141"]
[BlackElo "2511"]

1.e4 d6 2.Nc3 Nf6 3.d4 e5 4.dxe5 dxe5 5.Qxd8+ Kxd8 6.Bg5 Be6 7.Nf3 Nd7 8.Nd2 Bb4
9.Bc4 Bxc3 10.bxc3 Re8 11.f3 Nb6 12.Bb3 Kc8 13.Ke2 a5 14.Bxf6 gxf6 15.Rhd1 a4
16.Bxe6+ Rxe6 17.Nf1 Rc6 18.Rd3 Ra5 19.Rad1 Kb8 20.Rd8+ Ka7 21.Rh8 Rxc3 22.Rxh7 Nc4
23.h4 Rc5 24.Rc1 Na3 25.Rxf7 Rxc2+ 26.Rxc2 Rxc2+ 27.Kd3 c5 28.Ne3 c4+ 29.Nxc4 Rxc4
30.h5 Rd4+ 31.Kc3 Nb5+ 32.Kc2 Rc4+ 33.Kd2 Nd4 34.h6 Rc2+ 35.Kd3 Rxg2 36.h7 Rh2
37.f4 Nc6 38.Kc4 exf4 39.Kb5 f5 40.Kxa4 fxe4 41.Rxf4 Rxa2+ 42.Kb3 Rh2 43.Rf7 e3
44.Kc3 e2 45.Kd2 Ne5  0-1

[Event "23rd Open"]
[Site "Bled SLO"]
[Date "2002.07.08"]
[Round "7"]
[White "Grosar,A"]
[Black "Stojanovski,D"]
[Result "1-0"]
[WhiteElo "2470"]
[BlackElo "2416"]

1.e4 d6 2.d4 Nf6 3.Nc3 e5 4.dxe5 dxe5 5.Qxd8+ Kxd8 6.Bg5 Be6 7.f4 exf4 8.Nf3 h6
9.Bxf4 Bc5 10.O-O-O+ Nbd7 11.h3 Nh5 12.Bh2 Be3+ 13.Kb1 Bf4 14.g4 Bxh2 15.Rxh2 Nf4
16.Nd4 Ke7 17.Nd5+ Bxd5 18.exd5 Nb6 19.d6+ Kxd6 20.Rf2 g5 21.Ne2+ Nfd5 22.Bg2 Kc5
23.Rf5 c6 24.b3 Rhe8 25.Nc1 Kb4 26.Kb2 Nc4+ 27.bxc4 Ne3 28.Nd3+ Ka4 29.Nc5+ Ka5
30.Nb3+ Ka6 31.Rd7 Nxf5 32.gxf5 f6 33.Nc5+ Kb6 34.Nxb7 Re1 35.c5+ Kb5 36.a4+  1-0

[Event "XX Open"]
[Site "Andorra la Vella AND"]
[Date "2002.07.09"]
[Round "4"]
[White "Vehi Bach,V"]
[Black "Oratovsky,M"]
[Result "1/2-1/2"]
[WhiteElo "2460"]
[BlackElo "2556"]

1.e4 d6 2.d4 Nf6 3.Nc3 Nbd7 4.Nf3 e5 5.Bc4 Be7 6.O-O O-O 7.Re1 c6 8.a4 a5
9.Na2 exd4 10.Nxd4 Nc5 11.Qf3 Kh8 12.h3 Qb6 13.Nb3 Nxb3 14.Bxb3 Be6 15.Be3 Qc7
16.Rad1 Bxb3 17.cxb3 Nd7  1/2-1/2

[Event "23rd Open"]
[Site "Bled SLO"]
[Date "2002.07.10"]
[Round "9"]
[White "Sermek,D"]
[Black "Stojanovski,D"]
[Result "1/2-1/2"]
[WhiteElo "2603"]
[BlackElo "2416"]

1.e4 d6 2.d4 Nf6 3.Nc3 e5 4.Nf3 Nbd7 5.Bc4 Be7 6.O-O O-O 7.Re1 c6 8.a4 a5
9.h3 exd4 10.Qxd4 Nc5 11.Ba2 Be6 12.Bxe6 Nxe6 13.Qc4 Nd7 14.Be3 Ne5 15.Qe2 Nxf3+
16.Qxf3 Bf6 17.Rad1 Qc7 18.Qg3 Rad8 19.Rd3 b6 20.Red1 Be5 21.f4 Bf6 22.e5 dxe5
23.Ne4 Be7 24.fxe5 Rxd3 25.Rxd3 b5 26.b3 bxa4 27.bxa4 Rd8 28.Nd6 Bf8 29.Kh1 c5
30.Qg4 Qc6 31.Qf3 Qc7 32.Qe4 h6 33.Nb5 Qb8 34.Bd2 Rxd3 35.cxd3 Qd8 36.Nd6 Bxd6
37.exd6 Qxd6 38.Bxa5 Nf4 39.Qe8+ Kh7 40.Qxf7 Qd4 41.Qf5+ Kg8 42.Qe4 Nxd3
43.Qxd4 cxd4 44.Bb6 Nb2 45.Bxd4 Nxa4 46.Kg1 Kf7 47.Kf2 g6 48.Ke3 Ke6 49.Ke4 Kd6
50.g3 Ke6 51.h4 h5 52.Kf4 Kd5 53.Kg5 Kxd4 54.Kxg6 Ke5 55.Kxh5 Kf6 56.Kh6 Nc5
57.g4 Ne6 58.g5+ Kf7  1/2-1/2

[Event "3rd Stage Russian Cup"]
[Site "Tomsk RUS"]
[Date "2002.07.10"]
[Round "3"]
[White "Shomoev,A"]
[Black "Pridorozhni,A"]
[Result "0-1"]
[WhiteElo "2533"]
[BlackElo "2453"]

1.e4 d6 2.d4 Nf6 3.Nc3 e5 4.Nf3 Nbd7 5.Bc4 Be7 6.O-O O-O 7.Re1 exd4 8.Nxd4 Nb6
9.Bf1 c5 10.Nb3 d5 11.e5 Ne8 12.a4 a5 13.Bd2 Be6 14.Nb5 Nc4 15.Bxc4 dxc4
16.Nc1 Ra6 17.Ne2 Qd7 18.Ng3 f5 19.Bc3 Qc6 20.Qd2 Nc7 21.Nd6 h6 22.f4 Raa8
23.Qe2 Nd5 24.Qxc4 g5 25.fxg5 Bxg5 26.h4 Be7 27.Ndxf5 Rxf5 28.Nxf5 Bxf5 29.Rad1 Be6
30.Qe4 Bf8 31.Bd2 Bg7 32.Rf1 Ne7 33.Qe2 Nf5 34.Rf4 c4 35.Bc3 Qc5+ 36.Kh2 Rf8
37.Rdf1 Ne3 38.Rxf8+ Bxf8 39.Rf4 Nd5 40.Rf3 Bg7 41.Rg3 Nxc3 42.bxc3 Kh8 43.Kh1 Qd5
44.Qh5 Bf7 45.Qg4 Qxe5 46.Rf3 Qe1+ 47.Kh2 Be6 48.Qg6 Qxh4+ 49.Kg1 Qe1+ 50.Rf1 Qe3+
51.Kh1 Bd5 52.Rd1 Qe4 53.Qg3 Kh7 54.Re1 Qxc2 55.Re7 Qc1+  0-1

[Event "Dutch Open"]
[Site "Dieren NED"]
[Date "2002.07.11"]
[Round "3"]
[White "Michielsen,J"]
[Black "Ellenbroek,T"]
[Result "1/2-1/2"]
[WhiteElo "2163"]
[BlackElo "2062"]

1.e4 d6 2.d4 Nf6 3.Nc3 e5 4.Nf3 Nbd7 5.a4 Be7 6.a5 O-O 7.a6 exd4 8.Qxd4 Nc5
9.Bc4 bxa6 10.O-O Rb8 11.Re1 Be6 12.Bxe6 Nxe6 13.Qc4 Rb6 14.Rxa6 d5 15.exd5 Rxa6
16.Qxa6 Nxd5 17.Nxd5 Qxd5 18.Qxa7 Bc5 19.Qa4 Rb8 20.Qe4 Qd6 21.Ne5 Re8 22.Qf5 Qe7
23.c3 Bd6 24.Nf3 Qd8 25.h4 g6 26.Qb5 Qb8 27.Nd4 Ng7 28.Rxe8+ Qxe8 29.Qxe8+ Nxe8
30.Kf1 Be7 31.Bg5 Bxg5 32.hxg5 f6 33.gxf6 Kf7 34.Ke2 Kxf6 35.c4 h5 36.b4 Ke5
37.Ke3 g5 38.b5 h4 39.Nf3+ Kf5 40.c5 Nf6 41.Kd4 Kf4 42.b6 cxb6 43.cxb6 h3
44.b7 Nd7 45.Ne5 hxg2 46.Nxd7 g1=Q 47.b8=Q+ Kf3 48.Qf8+  1/2-1/2

[Event "S&WYM"]
[Site "Millfield School ENG"]
[Date "2002.07.11"]
[Round "3"]
[White "Pinter,G"]
[Black "Mah,K"]
[Result "1/2-1/2"]
[WhiteElo "2381"]
[BlackElo "2409"]

1.e4 d6 2.d4 Nf6 3.Nc3 c6 4.Be3 Nbd7 5.Nf3 e5 6.Bd3 Be7 7.O-O O-O 8.h3 Qc7
9.a4 b6 10.Re1 a6 11.Ne2 Re8 12.Ng3 Bb7 13.c3 Bf8 14.Qb3 h6 15.Rad1 b5 16.Qc2 Rac8
17.Ra1 Qb8 18.Qd2 Rcd8 19.axb5 cxb5 20.d5 Qc7 21.Nh4 Kh7 22.Nhf5 Ng8 23.Ne2 g6
24.Nfg3 Ra8 25.Rec1 Nc5 26.Bc2 Rec8 27.h4 h5 28.f4 Nf6 29.f5 Ng4 30.Rf1  1/2-1/2

[Event "ch-NOR"]
[Site "Roros NOR"]
[Date "2002.07.11"]
[Round "7"]
[White "Tallaksen,G"]
[Black "Osttveit,M"]
[Result "1-0"]
[WhiteElo "2265"]
[BlackElo "2111"]

1.d4 d6 2.e4 Nf6 3.Nc3 c6 4.f4 Qa5 5.e5 dxe5 6.fxe5 Bg4 7.Be2 Bxe2 8.Nxe2 Nd5
9.O-O e6 10.Ne4 Be7 11.N2g3 c5 12.Nh5 O-O 13.Qg4 g6 14.Bh6 Rd8 15.Qf3 f5
16.exf6 Bf8 17.f7+ Kh8 18.Bg7+  1-0